000 00516nam a22001937a 4500
999 _c5577
_d5577
003 OSt
005 20251006150736.0
008 251006b ||||| |||| 00| 0 eng d
020 _a9780199115747
040 _cKH8
082 _a950 GRA
100 _aGrant, Neil,
_eauthor.
245 _aHistory of the World /
_cNeil Grant.
260 _aNew York ;
_bOxford University Press ,
_c2008.
300 _a192 pages :
_billustrations ;
_c29 cm.
500 _aIncludes index
650 _aWorld history
942 _2ddc
_cNFIC